000 00793nam a2200253Ia 4500
003 OSt
005 20220925213143.0
006 a|||||r|||| 00| 0
007 ta
008 220923b |||||||| |||| 00| 0 eng d
037 _cGeneral Book
040 _aRTL
_cRTL
_beng
041 _2eng
_aeng
082 _aY:6.46.N70<---N14, L6
100 _aRumaihi M G
245 0 _aBahrain
_b Social and political change since the fir
260 _aLondon
_bBowker
_c1976
300 _axiv,258p
_ccm.
490 _aCentre for Middle Eastern and Islamic Studies of the University of Durban Ed by John C Dewdney
500 _aBibliography: p 245-258
650 _aSocial Change
942 _hY:6.46.N70<---N14, L6
_cGB
_2CC
999 _c562166
_d562166